000 01582nac a22005297a 4500
001 BR2010005536
003 BR-BrBNA
005 20240105123905.0
008 230509b bl.|||m| |||| 00| 0 por d
040 _aBR-BrBNA
_bpor
_cBiblioteca Nacional de Agricultura
072 _aF30
090 _aF30 BR2010005536
100 1 _aCarvalho, H.W.L. de
100 1 _aPacheco, C.A.P.
100 1 _aCardoso, M.J.
100 1 _aRocha, L.M.P.
100 1 _aOliveira, I.R. de
100 1 _aTabosa, J.N.
100 1 _aLira, M.A.
100 1 _aOliveira, E.A.S.
100 1 _aAlmeida, M.R.M. de
100 1 _aMacedo, J.J.G. de
100 1 _aNascimento, M.M.A. do
100 1 _aSimplício, J.B.
100 1 _aCoutinho, G.V.
100 1 _aBrito, A.R. de M.B.
100 1 _aTavares, J.A.
100 1 _aTavares Filho, J.J.
100 1 _aFeitosa, L.F.
100 1 _aRodrigues, C.S.
100 1 _aSantos, M.L. dos
110 1 _aEMBRAPA Tabuleiros Costeiros, Aracaju, SE (Brasil)
245 1 _aDesempenho de híbridos simples de milho no nordeste brasileiro: safra 2008/2009
260 3 _aAracaju, SE (Brasil):
_c2010.
300 _a19 p.
490 _aComunicado Técnico - EMBRAPA Tabuleiros Costeiros (Brazil)
_vno.90
_xISSN 1677-5635
500 _a14 tables
650 _aMILHO
650 _aVARIEDADE RESISTENTE
650 _aPRODUTIVIDADE
650 _aGRÃOS
650 _aRENDIMENTO
650 _aMÉTODO ESTATÍSTICO
650 _aCARACTERÍSTICAS AGRONÔMICAS
909 _a202312
_bLúcia Elande
_c55
_dLúcia Elande
942 _2AGRIS
_n0
_cMS
999 _c297423
_d297423